[Event "GER Cup Amateur GrC 2nd"]
[Site "Voelklingen"]
[Date "2001.??.??"]
[Round "6"]
[White "Mees, Andreas"]
[Black "Strozondalla, Andreas"]
[Result "0-1"]
[WhiteElo "1341"]
[BlackElo "1200"]
[PlyCount "64"]
[EventDate "2001.??.??"]
[EventType "swiss"]
[EventRounds "9"]
[EventCountry "GER"]
[SourceTitle "EXT 2003"]
[Source "ChessBase"]
[SourceDate "2002.11.25"]
[SourceVersion "1"]
[SourceVersionDate "2002.11.25"]
[SourceQuality "1"]

1. e4 c5 2. f4 Nc6 3. Nf3 Qc7 4. d3 e5 5. f5 Nf6 6. Be2 Be7 7. Nc3 Nd4 8. Ng5 h6 9. Nh3 a6 10. a3 b5 11. Bf3 Bb7 12. 0-0 Nxf3+ 13. Qxf3 0-0 14. Qg3 Kh8 15. Ne2 d5 16. Ng5 hxg5 17. Bxg5 Nh7 18. Bh4 Bxh4 19. Qxh4 f6 20. Rf3 Rg8 21. Raf1 Qf7 22. Rg3 g5 23. fxg6 Rxg6 24. Rh3 Rag8 25. Kh1 dxe4 26. dxe4 Rg4 27. Qxf6+ Qxf6 28. Rxf6 Rxg2 29. Rf7 Bxe4 30. Rhxh7+ Bxh7 31. Ng3 Rxc2 32. Ne4 Rc1+ 0-1

[Event "GER Cup Amateur GrC 2nd"]
[Site "Voelklingen"]
[Date "2001.??.??"]
[Round "4"]
[White "Weinz, Andre"]
[Black "Strozondalla, Andreas"]
[Result "0-1"]
[WhiteElo "1199"]
[BlackElo "1200"]
[PlyCount "116"]
[EventDate "2001.??.??"]
[EventType "swiss"]
[EventRounds "9"]
[EventCountry "GER"]
[SourceTitle "EXT 2003"]
[Source "ChessBase"]
[SourceDate "2002.11.25"]
[SourceVersion "1"]
[SourceVersionDate "2002.11.25"]
[SourceQuality "1"]

1. e4 c5 2. Nc3 Nc6 3. Bb5 Nf6 4. Bxc6 dxc6 5. Nf3 e6 6. e5 Nd5 7. 0-0 Be7 8. d3 Nxc3 9. bxc3 0-0 10. Be3 b5 11. a4 b4 12. cxb4 cxb4 13. Nd4 Bb7 14. Qf3 Qc7 15. Qg3 g6 16. Rab1 a6 17. Bd2 c5 18. Ne2 Qc6 19. d4 Rad8 20. c3 Qxa4 21. dxc5 Rxd2 22. Ra1 Qc6 23. Nd4 Qd5 24. c6 Bxc6 25. Nxc6 Qxc6 26. cxb4 Bxb4 27. Qf4 a5 28. Rab1 Rfd8 29. h4 Qd5 30. Qg5 Bc3 31. Rbc1 Bxe5 32. Rfe1 Bg7 33. Qxd5 R2xd5 34. f4 a4 35. Rc4 Ra8 36. Re2 a3 37. Ra2 Bb2 38. Rc2 Rd1+ 39. Kf2 Ra1 40. Rxa1 Bxa1 41. Ra2 Bb2 42. g4 Rd8 43. Ke3 h5 44. gxh5 gxh5 45. Ke2 Kg7 46. Kf3 Kg6 47. Ke4 f6 48. Ke3 Kf5 49. Kf3 Rd7 50. Ke3 Kg4 51. Ke4 f5+ 52. Ke3 Kxh4 53. Kf3 Kh3 54. Kf2 Kg4 55. Ke3 Kg3 56. Ke2 h4 57. Kf1 h3 58. Kg1 Rd1# 0-1